| 000 | 01077cam a2200301 a 4500 | ||
|---|---|---|---|
| 001 | 5715 | ||
| 003 | BD-RjUL | ||
| 005 | 20211208234120.0 | ||
| 008 | 140107s1983 njua b 000 0 eng | ||
| 020 | _a086598106X (U.S. : pbk.) | ||
| 035 | _a(BD-RjUL)5754 | ||
| 040 |
_aDLC _cDLC _dDLC _dBD-RjUL _beng |
||
| 041 | _aeng | ||
| 082 | 0 | 0 |
_a355.0217 _219 _bFRR 1983 |
| 100 | 1 |
_aFrei, Daniel. _917934 |
|
| 245 | 1 | 0 |
_aRisks of unintentional nuclear war / _cDaniel Frei ; with the collaboration of Christian Catrina. |
| 260 |
_aTotowa, N.J. : _bAllanheld, Osmun and Co. ; _aLondon : _bCroom Helm, _cc1983. |
||
| 300 |
_axxxi, 255 p. : _bill. ; _c23 cm. |
||
| 504 | _aBibliography: p. 231-255. | ||
| 650 | 0 |
_aNuclear warfare. _917169 |
|
| 650 | 0 |
_aNuclear disarmament. _914076 |
|
| 700 | 1 |
_aCatrina, Christian. _917935 |
|
| 710 | 2 |
_aUnited Nations Institute for Disarmament Research. _917936 |
|
| 856 | _uhttp://www.worldcat.org/title/risks-of-unintentional-nuclear-war/oclc/8786025&referer=brief_results | ||
| 942 |
_2ddc _cBK |
||
| 999 |
_c5715 _d5715 |
||